Ոդիսական : (Record no. 209464)
[ view plain ]
| 000 -LEADER | |
|---|---|
| fixed length control field | 01217nam a2200277 a 4500 |
| 003 - CONTROL NUMBER IDENTIFIER | |
| control field | AM-YeHGA |
| 040 ## - CATALOGING SOURCE | |
| Original cataloging agency | AM-YeHGA |
| 090 ## - LOCALLY ASSIGNED LC-TYPE CALL NUMBER (OCLC); LOCAL CALL NUMBER (RLIN) | |
| -- | 210970 |
| 001 - CONTROL NUMBER | |
| control field | 000618082 |
| 005 - DATE AND TIME OF LATEST TRANSACTION | |
| control field | 20250618073114.0 |
| 008 - FIXED-LENGTH DATA ELEMENTS--GENERAL INFORMATION | |
| fixed length control field | 081208s1848 it r 000 0 arm d |
| 041 0# - LANGUAGE CODE | |
| Language code of text/sound track or separate title | arm |
| 100 0# - MAIN ENTRY--PERSONAL NAME | |
| Personal name | Հոմերոս |
| 245 10 - TITLE STATEMENT | |
| Title | Ոդիսական : |
| Remainder of title | Ի Մխիթարեան ուխտէն / |
| Statement of responsibility, etc. | Հոմերոս; Թարգմ. ի հելլենականէ Հ. Եղիա Վ. Թովմաճեան. |
| 260 ## - PUBLICATION, DISTRIBUTION, ETC. | |
| Place of publication, distribution, etc. | Վենետիկ : |
| Name of publisher, distributor, etc. | տպ. Սրբոյն Ղազարու, |
| Date of publication, distribution, etc. | 1848. |
| 300 ## - PHYSICAL DESCRIPTION | |
| Extent | Հ. ; |
| Dimensions | 14 սմ. |
| 500 ## - GENERAL NOTE | |
| General note | Սկզբի նկարազարդ տիտղոսաթերթի վրա տպագրության տարեթիվը 1848 է, իսկ բուն տիտզոսաթերթի վրա նշված է միայն հայկական թվականը՝ ՌՄՂԶ (1296+551=1847) |
| 500 ## - GENERAL NOTE | |
| General note | Բ տիտղթ. Հոմերոսի Ոդիսական |
| 500 ## - GENERAL NOTE | |
| General note | Շարվ. 5,5x11 սմ |
| 505 10 - FORMATTED CONTENTS NOTE | |
| Miscellaneous information | Հ. Ա. (1848, 380 էջ) |
| -- | Հ. Բ. (1848, 447 էջ) |
| 546 ## - LANGUAGE NOTE | |
| Language note | Գրաբար |
| 650 14 - SUBJECT ADDED ENTRY--TOPICAL TERM | |
| Topical term or geographic name entry element | Հունական գրականություն |
| 650 14 - SUBJECT ADDED ENTRY--TOPICAL TERM | |
| Topical term or geographic name entry element | Հունական էպոս |
| 700 1# - ADDED ENTRY--PERSONAL NAME | |
| Personal name | Թովմաճան, Եղիա, |
| Dates associated with a name | 1777-1848 |
| Relator term | թարգմ. |
| Relationship | trl |
| 9 (RLIN) | 3548 |
| 942 ## - ADDED ENTRY ELEMENTS (KOHA) | |
| Source of classification or shelving scheme | Universal Decimal Classification |
| Koha item type | Գրքեր / Books |
| Withdrawn status | Lost status | Source of classification or shelving scheme | Damaged status | Not for loan | Collection | Home library | Current library | Date acquired | Serial enumeration / chronology | Total checkouts | Full call number | Barcode | Date last seen | Price effective from | Koha item type | Public note |
|---|---|---|---|---|---|---|---|---|---|---|---|---|---|---|---|---|
| Universal Decimal Classification | Levonyan Individual Collection | Fundamental Scientific Library | Fundamental Scientific Library | 29/12/2016 | Հ. Ա | Լեվ/1578 | FL0406038 | 29/12/2016 | 29/12/2016 | Գրքեր / Books | ILL Non-Circ. | |||||
| Universal Decimal Classification | Levonyan Individual Collection | Fundamental Scientific Library | Fundamental Scientific Library | 29/12/2016 | Հ. Բ | Լեվ/1579 | FL0406037 | 29/12/2016 | 29/12/2016 | Գրքեր / Books | ILL Non-Circ. | |||||
| Kusikian Individual Collection | Fundamental Scientific Library | Fundamental Scientific Library | 19/11/2020 | Հ. 1 | Կուս/1422 | FL0629499 | 19/11/2020 | 19/11/2020 | Գրքեր / Books | ILL Non-Circ | ||||||
| Kusikian Individual Collection | Fundamental Scientific Library | Fundamental Scientific Library | 19/11/2020 | Հ. 2 | Կուս/1423 | FL0629500 | 19/11/2020 | 19/11/2020 | Գրքեր / Books | ILL Non-Circ |
ՀՀ Գիտությունների ազգային ակադեմիայի հիմնարար գիտական գրադարան = Fundamental Scientific Library of NAS RA
All site content, except where otherwise noted, is licensed under a